Statistics for Stephen King's It - All the Forms of It

Click here to take the quiz!

General Stats

  • This quiz has been taken 144 times
  • The average score is 24 of 57

Answer Stats

Book% Correct
Pennywise the Dancing Clown
94%
Pennywise the Dancing Clown
94%
Pennywise the Dancing Clown
94%
Spider-like creature
85%
Spider-like creature
85%
The Mummy
69%
The Mummy
69%
The Mummy
69%
George Denbrough
68%
George Denbrough
68%
George Denbrough
68%
The Teenage Werewolf
66%
The Teenage Werewolf
66%
The Leper
63%
The Leper
63%
Voices from the Drain/Blood in the Sink
58%
Voices from the Drain/Blood in the sink
58%
Voices from the Drain/Blood in the Sink
58%
Giant Bird
55%
Alvin Marsh
44%
Alvin Marsh
44%
Dracula
43%
Deadlights
41%
Deadlights
41%
Deadlights
41%
Beverly Marsh
39%
Doberman Pinscher
35%
Doberman Pinscher
35%
Belch Huggins
34%
Belch Huggins
34%
Statue of Paul Bunyan
34%
Witch from Hansel & Gretel
32%
Witch from Hansel & Gretel
32%
Frankenstein's monster
30%
Severed head of Stan Uris
29%
Severed head of Stan Uris
29%
Victor Criss
29%
The Moon
28%
The Moon
28%
Creature from the Black Lagoon
27%
Patrick Hockstetter
26%
The Crawling Eye
26%
Flying Leeches
25%
Jaws
25%
Lady in the painting
25%
Headless Boy
22%
Horde of Zombies
22%
Drowned Boys
19%
Eddie Kaspbrak
19%
Betty Ripsom
18%
Piranhas
17%
Burning Bodies
15%
Ben's father
12%
Dorsey Corcoran
12%
Tony Tracker
11%
Greta Bowie
9%
Skeleton
6%

Score Distribution

Percentile by Number Answered

Percent of People with Each Score

Your Score History

You have not taken this quiz